Name A Valid U.S. State Of Each Name Length - Statistics

General Stats
  • This quiz has been taken 99 times
  • The average score is 9 of 10
Answer Stats
Length US State # of States % Correct
7 Alabama | Arizona | Florida | Georgia | Indiana | Montana | New York | Vermont | Wyoming 9
96%
6 Alaska | Hawaii | Kansas | Nevada | Oregon 5
96%
4 Iowa | Ohio | Utah 3
96%
8 Arkansas | Colorado | Delaware | Illinois | Kentucky | Maryland | Michigan | Missouri | Nebraska | Oklahoma | Virginia 11
94%
5 Idaho | Maine | Texas 3
93%
11 Connecticut | Mississippi | North Dakota | Rhode Island | South Dakota 5
87%
10 California | Washington 2
80%
9 Louisiana | Minnesota | New Jersey | New Mexico | Tennessee | Wisconsin 6
76%
13 Massachusetts | North Carolina | South Carolina 3
74%
12 New Hampshire | Pennsylvania | West Virginia 3
74%
No matching quizzes found
Score Distribution
Percent of People with Each Score
Percentile by Number Answered
Your Score History
You have not taken this quiz